000 00260nam a22001217a 4500
008 170627b xxu||||| |||| 00| 0 eng d
041 _aeng
080 _a05
100 _a21
101 _aGJL
245 _aLAISONS AN INTRODUCTION
_cWHYNE.W
942 _2udc
_cBK
999 _c19279
_d19279